Statistiques concernant Harry Potter par emojis #2

Cliquez ici pour prendre le quiz!

Statistiques générales

  • Ce quiz a été pris 1 588 fois
  • Le résultat moyen est 10 sur 15

Statistiques - réponses

EmojisPersonnages% Correct
👩‍🦳🐈👩‍🏫Minerva McGonagall
88%
👨🦌👓James Potter
87%
🦉⚪✉Hedwige
84%
👸👑🦅Rowena Serdaigle
84%
👨🐭😤Peter Pettigrow
81%
👨📿🐍Salazar Serpentard
79%
👩💖🐺Nymphadora Tonks
72%
👨🐶🏛Sirius Black
67%
👻🤯🔴🟡Nick Quasi Sans Tête
62%
👨🌱😟Neville Londubat
60%
👨‍🦳👨‍🏫💪Albus Dumbledore
59%
👥👳‍♂️😧Quirinus Quirrell
54%
🧑☠🦡Cédric Diggory
49%
👩‍🦱🤪☠Bellatrix Lestrange
36%
🧑🥰🐾Norbert Dragonneau
2%

Distribution des résultats

Percentile par nombre de réponses

% des personnes avec chaque résultat

Votre développement - résultats

Vous n’avez pas pris ce quiz